| 000 | 00745nam a2200205 a 4500 | ||
|---|---|---|---|
| 008 | 090415s1999 ||||||||||||||||| || u | ||
| 020 | _a0340731869 | ||
| 050 | _aTK 4255 Wat | ||
| 100 | _aParton Russell K | ||
| 245 | 1 | 0 |
_aElectrical installation calculations, vol. 3.-- 3rd ed. _cA. J. Watkins.-- 3rd ed./ prepared by Russell K. Parton |
| 250 | _a3rd ed. | ||
| 260 |
_aLondon _bArnold _c1999 |
||
| 300 | _aviii, 189p.: ill. | ||
| 350 | _a0.00 | ||
| 650 | 0 | _aELECTRONICS | |
| 650 | 0 | _aELECTRIC CIRCUITS | |
| 650 | _aELECTRONICS--TABLES | ||
| 700 | _aWatkins. A. J | ||
| 995 |
_D0.00 _FCBU-MAIN LIBRARY (Kitwe) _H1 _I0.00 _M1 _UAVAILABLE _WApr 16, 2009 _ZMain Library Open Access Collection |
||
| 999 |
_c41472 _d41472 |
||